000 00893cam a2200241 4500
001 J116615
008 000000n2001 000 0 eng u
035 _a(Sirsi) u116615
041 _aeng
050 _a692.8
110 _aJoint Contracts Tribunal
_93664
245 _aJCT building contract and consultancy agreement for a home owner/occupier.
260 _aLondon
_bRIBA Publications
_c2001
300 _a1 portfollio, 4pt. (1 leaf; 8p.; 8p.; 8p.; 8p.)
_c30cm.
350 _a13.00
520 _aJCT contract for use in small scale domestic projects where a professional consultant is to be appointed as well as a builder. Not for use in Scotland. Available to buy from RICS Books.
650 _aJCT
650 _aContracts
_96232
650 _aCONSUMER CONTRACTS
650 _aSMALL BUILDING WORKS
690 _aBUILDING AND CONSTRUCTION-CONTRACTS-JCT CONTRACTS
942 _n0
999 _c101886
_d101886